MLB City Connect Logo - Statistics

General Stats
  • This quiz has been taken 46 times
  • The average score is 23 of 28
Answer Stats
Picture Answer % Correct
Los Angeles Angels
90%
Milwaukee Brewers
87%
San Diego Padres
87%
Toronto Blue Jays
87%
Chicago Cubs
84%
Chicago White Sox
84%
Colorado Rockies
84%
Kansas City Royals
84%
Los Angeles Dodgers
84%
Miami Marlins
84%
New York Mets
84%
Pittsburgh Pirates
84%
St. Louis Cardinals
84%
Boston Red Sox
81%
Cleveland Guardians
81%
Detroit Tigers
81%
Houston Astros
81%
Minnesota Twins
81%
Washington Nationals
81%
Atlanta Braves
77%
Cincinnati Reds
77%
Philadelphia Phillies
77%
San Francisco Giants
77%
Tampa Bay Rays
77%
Texas Rangers
77%
Arizona Diamondbacks
74%
Seattle Mariners
74%
Baltimore Orioles
58%
No matching quizzes found
Score Distribution
Percent of People with Each Score
Percentile by Number Answered
Your Score History
You have not taken this quiz